Inspiring famous quotation quote unquote / (Record no. 147315)

MARC details
000 -LEADER
fixed length control field 00544nam a22001697a 4500
005 - DATE AND TIME OF LATEST TRANSACTION
control field 20171113093115.0
010 ## - LCCN (DPL NO)
LC control number ENG-121312
020 ## - INTERNATIONAL STANDARD BOOK NUMBER
International Standard Book Number 8190273396
Terms of availability 395.00
035 ## - SYSTEM CONTROL NUMBER
System control number EN-104844
037 ## - SOURCE OF ACQUISITION
Source of stock number/acquisition DBAD/PUB
082 ## - DEWEY DECIMAL CLASSIFICATION NUMBER
Classification number 808.88
245 ## - TITLE STATEMENT
Title Inspiring famous quotation quote unquote /
Statement of responsibility, etc edited and complied by Roshni Bhatia
260 ## - PUBLICATION, DISTRIBUTION, ETC. (IMPRINT)
Place of publication, distribution, etc Delhi
Name of publisher, distributor, etc Excel Publication
Date of publication, distribution, etc 2011
270 ## - ADDRESS
Address 518/6B, 1st Floor, Karkari Road Vishwas Nagar, Shahdara
City Delhi
Postal code 110093
300 ## - PHYSICAL DESCRIPTION
Extent 344p.
Dimensions 23cm(Hb)
942 ## - ADDED ENTRY ELEMENTS (KOHA)
Source of classification or shelving scheme Dewey Decimal Classification
Item type English Books
Classification part 808.88
Call number suffix INS
Holdings
Withdrawn status Lost status Not for loan Collection code Home library Current library Date acquired Source of acquisition Cost, normal purchase price Full call number Barcode Copy number Cost, replacement price Koha item type
      Non-fiction Katevara Katevara 11/11/2017 DBAD/PUB 395.00 808.88 INS EN-104844 1 395.00 English Books

© Delhi Public Library
Hit Counter
free hit counter